000 00508cam a2200169 4500500
005 20251228072918.0
041 _afre
042 _adc
100 1 0 _aFacal, Joseph
_eauthor
700 1 0 _aChoquet, Sabine
_eauthor
700 1 0 _aZarka, Yves Charles
_eauthor
245 0 0 _aActualité du souverainisme
260 _c2005.
500 _a26
786 0 _nCités | 23 | 3 | 2005-09-01 | p. 185-195 | 1299-5495
856 4 1 _uhttps://shs.cairn.info/revue-cites-2005-3-page-185?lang=fr&redirect-ssocas=7080
999 _c1594419
_d1594419